| 000 | 00907cam a2200253 a 4500 | ||
|---|---|---|---|
| 001 | 3504386 | ||
| 005 | 20250319114043.0 | ||
| 008 | 950214s1995 nyua b 001 0 eng | ||
| 020 | _a0442020473 | ||
| 050 | 0 | 0 |
_aHD30.335 _b.C76 1995 |
| 082 | 0 | 0 |
_a650/.0285/467 _220 |
| 100 | 1 | _aCronin, Mary J. | |
| 245 | 1 | 0 |
_aDoing more business on the Internet : _bhow the electronic highway is transforming American companies / _cMary J. Cronin. |
| 250 | _a2nd ed. | ||
| 260 |
_aNew York : _bVan Nostrand Reinhold, _cc1995. |
||
| 300 |
_axiii, 368 p. : _bill. ; _c23 cm. |
||
| 500 | _aRev. ed. of: Doing business on the Internet. c1994. | ||
| 650 | 0 |
_aBusiness enterprises _zComputer networks _xUnited States. |
|
| 650 | 0 |
_aInternet _zUnited States. |
|
| 650 | 0 | _aInformation networks. | |
| 650 | 0 | _aCommunication, International. | |
| 700 | 1 |
_aCronin, Mary J. _tDoing business on the Internet. |
|
| 942 |
_2lcc _cBK _n0 |
||
| 999 |
_c4944 _d4944 |
||